[Event "IECG TG-2008-0-15899"]
[Site "IECG email"]
[Date "2009.01.08"]
[Round "2"]
[White "Cuaycong, Virgilio"]
[Black "Marcus, Frank"]
[Result "1-0"]
[WhiteElo "800"]
[BlackElo "985"]
[PlyCount "53"]
[EventDate "2009.01.08"]
[EventType "tourn (corr)"]
[EventRounds "6"]
[SourceTitle "Corr 2024"]
[Source "ChessBase"]
[SourceDate "2023.10.19"]
[SourceVersion "1"]
[SourceVersionDate "2023.10.19"]
[SourceQuality "1"]

1. c4 Nf6 2. Nc3 e6 3. e4 d5 4. e5 Ne4 5. Nxe4 dxe4 6. Qg4 f5 7. exf6 Qxf6 8. Qxe4 Bc5 9. Nf3 0-0 10. d4 Bb4+ 11. Bd2 Bxd2+ 12. Kxd2 Nc6 13. Bd3 g6 14. Kc3 Bd7 15. h4 Rae8 16. h5 e5 17. d5 Bf5 18. Qh4 e4+ 19. Qxf6 Rxf6 20. Rae1 Kf7 21. Ng5+ Kg8 22. dxc6 h6 23. Nxe4 Rxc6 24. Nf6+ Rxf6 25. Rxe8+ Kf7 26. Rhe1 Bxd3 27. R1e7# 1-0

[Event "IECG TG-2008-0-15899"]
[Site "IECG email"]
[Date "2009.01.08"]
[Round "1"]
[White "Marcus, Frank"]
[Black "Cuaycong, Virgilio"]
[Result "0-1"]
[WhiteElo "985"]
[BlackElo "800"]
[PlyCount "78"]
[EventDate "2009.01.08"]
[EventType "tourn (corr)"]
[EventRounds "6"]
[SourceTitle "Corr 2024"]
[Source "ChessBase"]
[SourceDate "2023.10.19"]
[SourceVersion "1"]
[SourceVersionDate "2023.10.19"]
[SourceQuality "1"]

1. c4 e5 2. e3 Nf6 3. d4 exd4 4. exd4 d5 5. Nf3 Bg4 6. Nc3 Be7 7. h3 Bf5 8. Bf4 0-0 9. Be2 Re8 10. Qb3 Nc6 11. Nb5 dxc4 12. Bxc4 Bd6+ 13. Be3 Bg6 14. 0-0 Na5 15. Qc3 Nxc4 16. Qxc4 Be4 17. Nxd6 Qxd6 18. Ng5 Bd5 19. Qc1 h6 20. Nf3 Bxf3 21. gxf3 Nd5 22. Re1 Nxe3 23. Rxe3 Qxd4 24. Qc3 Qxc3 25. Rxc3 c6 26. Rd1 Rad8 27. Rcd3 Rxd3 28. Rxd3 Re1+ 29. Kg2 Re2 30. Rb3 b5 31. Ra3 Rxb2 32. Rxa7 c5 33. a4 b4 34. Kf1 c4 35. Ke1 c3 36. Kd1 b3 37. Rc7 Rb1+ 38. Ke2 c2 39. Kd2 Rd1+ 0-1

[Event "IECG CP.2007.P.00071 email"]
[Site "IECG email"]
[Date "2007.10.01"]
[Round "?"]
[White "Mach, Jiri"]
[Black "Marcus, Frank"]
[Result "1-0"]
[WhiteElo "800"]
[BlackElo "1059"]
[PlyCount "61"]
[EventDate "2007.10.01"]
[EventType "tourn (corr)"]
[EventRounds "6"]
[SourceTitle "Corr 2024"]
[Source "ChessBase"]
[SourceDate "2023.10.19"]
[SourceVersion "1"]
[SourceVersionDate "2023.10.19"]
[SourceQuality "1"]

1. d4 Nf6 2. c4 e5 3. dxe5 Ng4 4. Nf3 Nxf2 5. Kxf2 Bc5+ 6. e3 d6 7. Qd2 Nc6 8. Nc3 Bg4 9. exd6 Qxd6 10. Qxd6 cxd6 11. Bd2 0-0 12. Nd5 Rae8 13. b4 Bb6 14. Nxb6 axb6 15. b5 Ne5 16. Bb4 Re6 17. Nxe5 Rxe5 18. Bxd6 Rf5+ 19. Kg3 Bh5 20. Bxf8 Kxf8 21. h4 Re5 22. Kf4 Rc5 23. g4 Bg6 24. Rd1 h5 25. Rd8+ Ke7 26. Rd5 hxg4 27. Rxc5 bxc5 28. b6 f5 29. Bg2 Bf7 30. Bxb7 Kf6 31. Bd5 1-0

[Event "IECG CP.2007.P.00071 email"]
[Site "IECG email"]
[Date "2007.10.01"]
[Round "?"]
[White "Molina, Vicente Andres"]
[Black "Marcus, Frank"]
[Result "0-1"]
[WhiteElo "1700"]
[BlackElo "1059"]
[PlyCount "36"]
[EventDate "2007.10.01"]
[EventType "tourn (corr)"]
[EventRounds "6"]
[SourceTitle "Corr 2011"]
[Source "ChessBase"]
[SourceDate "2010.08.31"]
[SourceVersion "1"]
[SourceVersionDate "2010.08.31"]
[SourceQuality "1"]

1. d4 Nf6 2. c4 d6 3. e4 Nxe4 4. Nc3 Nxf2 5. Kxf2 Nc6 6. Nf3 e5 7. dxe5 dxe5 8. Be3 Qf6 9. Kg1 Bg4 10. Be2 Rd8 11. Qc2 Be7 12. Bg5 Qd6 13. Bxe7 Qxe7 14. Re1 Bxf3 15. Bxf3 Qc5+ 16. Qf2 Qxc4 17. Bxc6+ Qxc6 18. Rxe5+ Kd7 0-1

[Event "IECG CP.2007.P.00071 email"]
[Site "IECG email"]
[Date "2007.10.01"]
[Round "?"]
[White "Tavecchia, Mario"]
[Black "Marcus, Frank"]
[Result "1-0"]
[WhiteElo "2034"]
[BlackElo "1059"]
[PlyCount "79"]
[EventDate "2007.10.01"]
[EventType "tourn (corr)"]
[EventRounds "6"]
[SourceTitle "Corr 2024"]
[Source "ChessBase"]
[SourceDate "2023.10.19"]
[SourceVersion "1"]
[SourceVersionDate "2023.10.19"]
[SourceQuality "1"]

1. e4 Nc6 2. Nf3 e5 3. Nc3 Nf6 4. Bb5 Bb4 5. d3 Bxc3+ 6. bxc3 a6 7. Bxc6 dxc6 8. Nxe5 0-0 9. 0-0 Re8 10. f4 Bd7 11. h3 Re7 12. Qf3 h6 13. Be3 b6 14. Bf2 c5 15. Bh4 Re6 16. d4 cxd4 17. cxd4 Bb5 18. c4 Qxd4+ 19. Bf2 Qb2 20. Nd3 Qa3 21. cxb5 axb5 22. e5 Nd7 23. Rfb1 Ra5 24. Be1 Nc5 25. Nxc5 Qxc5+ 26. Qf2 Ra4 27. Qxc5 bxc5 28. Rxb5 Rc6 29. Bf2 c4 30. Rc5 Rxc5 31. Bxc5 c3 32. Rc1 Rc4 33. Be3 c2 34. Kf1 Kf8 35. Ke2 Ke7 36. Kd3 Rc6 37. Rxc2 Rxc2 38. Kxc2 f6 39. exf6+ gxf6 40. g4 1-0

[Event "IECG QF.2007.0.00085"]
[Site "IECG email"]
[Date "2007.07.16"]
[Round "1.3"]
[White "Ruchay, Joachim"]
[Black "Marcus, Frank"]
[Result "1-0"]
[WhiteElo "1044"]
[BlackElo "1059"]
[PlyCount "75"]
[EventDate "2007.07.16"]
[EventType "tourn (corr)"]
[EventRounds "6"]
[SourceTitle "Corr 2024"]
[Source "ChessBase"]
[SourceDate "2023.10.19"]
[SourceVersion "1"]
[SourceVersionDate "2023.10.19"]
[SourceQuality "1"]

1. e4 e5 2. f4 d5 3. exd5 exf4 4. Qf3 Nf6 5. Qxf4 Bd6 6. Qe3+ Qe7 7. Qxe7+ Bxe7 8. c4 Na6 9. a3 Bf5 10. d4 0-0 11. Nf3 Rfe8 12. Be2 c6 13. dxc6 bxc6 14. Nc3 Rad8 15. 0-0 Nc7 16. Bf4 Ne6 17. Be5 h6 18. h3 Rd7 19. Rfd1 Red8 20. Bd3 Bxd3 21. Rxd3 Nh5 22. Ne2 f6 23. Bh2 Nc5 24. Rc3 Ne4 25. g4 Nxc3 26. Nxc3 Nf4 27. Bxf4 g5 28. Bg3 Bd6 29. Bxd6 Rxd6 30. Re1 a5 31. d5 Rb8 32. Re2 Rb3 33. Nd4 Rb8 34. Nxc6 Ra8 35. Ne4 Rxc6 36. dxc6 Kf7 37. Rd2 Rc8 38. Nd6+ 1-0

[Event "IECG QF.2007.0.00082"]
[Site "IECG email"]
[Date "2007.02.05"]
[Round "1.3"]
[White "Trevis, Robert"]
[Black "Marcus, Frank"]
[Result "0-1"]
[WhiteElo "1050"]
[BlackElo "1105"]
[PlyCount "28"]
[EventDate "2007.02.05"]
[EventType "tourn (corr)"]
[EventRounds "6"]
[SourceTitle "Corr 2024"]
[Source "ChessBase"]
[SourceDate "2023.10.19"]
[SourceVersion "1"]
[SourceVersionDate "2023.10.19"]
[SourceQuality "1"]

1. e4 Nc6 2. d4 e6 3. Nf3 d5 4. exd5 Qxd5 5. Nc3 Bb4 6. Bd2 Bxc3 7. Bxc3 Nf6 8. Bd3 0-0 9. 0-0 h6 10. Qe2 Re8 11. Rfd1 Bd7 12. Ne5 Rad8 13. Qe3 a6 14. a4 Kf8 0-1

[Event "IECG CF.2006.0.00084 email"]
[Site "IECG email"]
[Date "2006.10.15"]
[Round "?"]
[White "Marcus, Frank"]
[Black "Hendershot, Paul"]
[Result "1-0"]
[WhiteElo "1153"]
[BlackElo "880"]
[PlyCount "99"]
[EventDate "2006.10.15"]
[EventType "tourn (corr)"]
[EventRounds "6"]
[SourceTitle "Corr 2011"]
[Source "ChessBase"]
[SourceDate "2010.08.31"]
[SourceVersion "1"]
[SourceVersionDate "2010.08.31"]
[SourceQuality "1"]

1. g3 d6 2. Bg2 e5 3. c4 Nf6 4. Nc3 Nc6 5. Qa4 a6 6. Bxc6+ Bd7 7. Bxd7+ Nxd7 8. d3 Be7 9. Qb3 0-0 10. Qxb7 Nc5 11. Qf3 Rc8 12. Qg4 a5 13. Bh6 g6 14. Bxf8 Bxf8 15. Nf3 f5 16. Qh4 Be7 17. Qh6 Bf8 18. Qh3 h6 19. 0-0 c6 20. d4 exd4 21. Nd1 Qb6 22. Nxd4 Re8 23. Qg2 Rc8 24. Re1 Bg7 25. e3 Qb4 26. Nc2 Qd2 27. f3 Qd3 28. Nd4 Qxc4 29. b3 Qb4 30. Nc2 Qb7 31. Rb1 Nd3 32. Re2 Ne5 33. Rd2 Bf8 34. f4 Nd7 35. e4 fxe4 36. Qxe4 Kh7 37. f5 Nf6 38. fxg6+ Kg7 39. Qf5 Re8 40. Nc3 Re5 41. Qf3 d5 42. Rf1 Be7 43. Rdf2 Qa7 44. Kg2 Rg5 45. Ne2 Rxg6 46. Ncd4 Qd7 47. Nf4 Rg4 48. h3 Ne4 49. Nfe6+ Kg6 50. Qf5# 1-0

[Event "IECG CF.2006.0.00084 email"]
[Site "IECG email"]
[Date "2006.10.15"]
[Round "?"]
[White "Mouratides, Christophoros"]
[Black "Marcus, Frank"]
[Result "1-0"]
[WhiteElo "1000"]
[BlackElo "1153"]
[PlyCount "57"]
[EventDate "2006.10.15"]
[EventType "tourn (corr)"]
[EventRounds "6"]
[SourceTitle "Corr 2008"]
[Source "ChessBase"]
[SourceDate "2008.06.24"]
[SourceVersion "1"]
[SourceVersionDate "2008.06.24"]
[SourceQuality "1"]

1. d4 Nf6 2. Nf3 d5 3. c4 Nc6 4. Nc3 e6 5. Bg5 Be7 6. e3 Ng4 7. Bxe7 Nxe7 8. cxd5 exd5 9. Bd3 Nxf2 10. Kxf2 Bg4 11. Rf1 0-0 12. Bxh7+ Kh8 13. Bd3 Qd7 14. Kg1 Qe6 15. Qd2 Qh6 16. Ne5 f5 17. Rf4 g5 18. Nxg4 fxg4 19. Rxg4 Rf7 20. e4 dxe4 21. Nxe4 Rh7 22. h3 Rg7 23. Nxg5 Qh5 24. Rf1 Rag8 25. Qe1 Rxg5 26. Qxe7 R5g7 27. Rxg7 Rxg7 28. Rf8+ Rg8 29. Qf6# 1-0

[Event "IECG CE.2003.0.00058 email"]
[Site "IECG email"]
[Date "2003.09.03"]
[Round "?"]
[White "Mori, Roberto"]
[Black "Marcus, Frank"]
[Result "1-0"]
[WhiteElo "1204"]
[BlackElo "1214"]
[PlyCount "21"]
[EventDate "2003.09.03"]
[EventType "tourn (corr)"]
[EventRounds "6"]
[SourceTitle "Corr 2008"]
[Source "ChessBase"]
[SourceDate "2008.06.24"]
[SourceVersion "1"]
[SourceVersionDate "2008.06.24"]
[SourceQuality "1"]

1. e4 e5 2. Nc3 Nc6 3. Nf3 Nf6 4. Bb5 Bb4 5. 0-0 0-0 6. d3 Bxc3 7. bxc3 a6 8. Bxc6 dxc6 9. Nxe5 Qd6 10. Bf4 Qe7 11. Qf3 1-0

[Event "IECG TG-2003-0-14783"]
[Site "IECG email"]
[Date "2003.02.08"]
[Round "1"]
[White "Mori, Roberto"]
[Black "Marcus, Frank"]
[Result "1-0"]
[WhiteElo "1235"]
[BlackElo "1214"]
[PlyCount "44"]
[EventDate "2003.02.08"]
[EventType "tourn (corr)"]
[EventRounds "6"]
[SourceTitle "Corr 2024"]
[Source "ChessBase"]
[SourceDate "2023.10.19"]
[SourceVersion "1"]
[SourceVersionDate "2023.10.19"]
[SourceQuality "1"]

1. e4 Nc6 2. d4 e6 3. Nf3 d5 4. Nc3 Bb4 5. e5 Nge7 6. Bb5 0-0 7. Bg5 Bd7 8. Bd3 a6 9. 0-0 b5 10. Qd2 Nxd4 11. Nxd4 c5 12. Nf3 d4 13. Be4 Rb8 14. Rad1 h6 15. Bh4 g5 16. Bxg5 hxg5 17. Qxg5+ Ng6 18. Qh6 f5 19. Qxg6+ Kh8 20. Ng5 Qe7 21. Qh5+ Kg8 22. Nd5 Qxg5 1-0

[Event "IECG QF.2002.0.00018"]
[Site "IECG email"]
[Date "2002.05.28"]
[Round "?"]
[White "Marcus, Frank"]
[Black "Rellias, Paul"]
[Result "1-0"]
[WhiteElo "1194"]
[BlackElo "1092"]
[PlyCount "65"]
[EventDate "2002.05.28"]
[EventType "tourn (corr)"]
[EventRounds "6"]
[SourceTitle "Corr 2024"]
[Source "ChessBase"]
[SourceDate "2023.10.19"]
[SourceVersion "1"]
[SourceVersionDate "2023.10.19"]
[SourceQuality "1"]

1. Nf3 Nc6 2. d4 d5 3. Bf4 e6 4. e3 Be7 5. Nc3 Nf6 6. Nb5 Rb8 7. Bxc7 Qd7 8. Bxb8 Nxb8 9. Ne5 Qd8 10. Qd3 0-0 11. Qb3 a6 12. Nc3 Qd6 13. Bd3 a5 14. a4 b6 15. 0-0 Na6 16. h3 Nb4 17. Rad1 Nxd3 18. Rxd3 Ba6 19. Nb5 Qd8 20. Rc3 Ne4 21. Rd3 Bf6 22. f3 Nc5 23. dxc5 bxc5 24. c4 Bxe5 25. Rfd1 Qh4 26. Qc2 Bg3 27. Kf1 Bh2 28. cxd5 Rc8 29. d6 e5 30. d7 Rd8 31. e4 Rc8 32. d8Q+ Rxd8 33. Rxd8+ 1-0

[Event "IECG Q3.2000.0.00092"]
[Site "IECG email"]
[Date "2000.11.10"]
[Round "?"]
[White "Marcus, Frank"]
[Black "Zimmermann, Jan Erik"]
[Result "0-1"]
[WhiteElo "1300"]
[BlackElo "1000"]
[PlyCount "108"]
[EventDate "2000.11.10"]
[EventType "tourn (corr)"]
[EventRounds "6"]
[SourceTitle "Corr 2008"]
[Source "ChessBase"]
[SourceDate "2008.06.24"]
[SourceVersion "1"]
[SourceVersionDate "2008.06.24"]
[SourceQuality "1"]

1. d4 Nf6 2. c4 e5 3. e3 exd4 4. exd4 d5 5. Nc3 Bb4 6. Qa4+ Nc6 7. cxd5 Nxd5 8. Bd2 0-0 9. Nf3 Nb6 10. Qb5 Nxd4 11. Nxd4 Qxd4 12. 0-0-0 Bxc3 13. Bxc3 Qxf2 14. Qe5 f6 15. Qxc7 Be6 16. Qxb7 Na4 17. Qe4 Nc5 18. Qd4 Qf5 19. Bc4 Rac8 20. Rhf1 Qg5+ 21. Kb1 Qg6+ 22. Bd3 Nxd3 23. Qxd3 Qxd3+ 24. Rxd3 Bc4 25. Rfd1 Bxd3+ 26. Rxd3 Rcd8 27. Kc2 Rfe8 28. b4 Re2+ 29. Bd2 Rxd3 30. Kxd3 Rxg2 31. a4 Rxh2 32. b5 Rh4 33. a5 Kf7 34. b6 axb6 35. axb6 Rh5 36. Kc4 Re5 37. b7 Re8 38. Bf4 g5 39. b8Q Rxb8 40. Bxb8 Kg6 41. Kd3 Kf5 42. Ke3 Kg4 43. Kf2 h5 44. Kg2 f5 45. Ba7 f4 46. Bc5 Kf5 47. Be7 g4 48. Bh4 f3+ 49. Kf2 Kf4 50. Kf1 g3 51. Kg1 Kg4 52. Be7 h4 53. Bc5 h3 54. Be3 h2+ 0-1

[Event "IECG TE.2000.P.00407 email"]
[Site "IECG email"]
[Date "2000.07.25"]
[Round "?"]
[White "Marcus, Frank"]
[Black "Johnson, David B"]
[Result "0-1"]
[WhiteElo "1300"]
[BlackElo "1505"]
[PlyCount "66"]
[EventDate "2000.07.25"]
[EventType "tourn (corr)"]
[EventRounds "8"]
[SourceTitle "Corr 2008"]
[Source "ChessBase"]
[SourceDate "2008.06.24"]
[SourceVersion "1"]
[SourceVersionDate "2008.06.24"]
[SourceQuality "1"]

1. e4 e5 2. Nf3 Nc6 3. Bc4 Nf6 4. Ng5 Bc5 5. Bxf7+ Ke7 6. 0-0 h6 7. Nf3 Kxf7 8. Nc3 d6 9. h3 Be6 10. d3 a6 11. a3 g6 12. Qe1 Qe7 13. Be3 Bxe3 14. Qxe3 Kg7 15. Rfd1 Rhe8 16. d4 Nxd4 17. Nxd4 exd4 18. Rxd4 c5 19. Rd2 Rac8 20. Rad1 Rc6 21. Qg3 Bf7 22. f3 Qe5 23. Qxe5 dxe5 24. Nd5 c4 25. b3 cxb3 26. cxb3 Nxd5 27. exd5 Rd6 28. b4 Red8 29. Rc1 Rxd5 30. Rxd5 Bxd5 31. Rd1 Kf6 32. g4 Ke6 33. Kg2 Bxf3+ 0-1

[Event "IECG TE.2000.P.00407 email"]
[Site "IECG email"]
[Date "2000.07.25"]
[Round "?"]
[White "Nittschalk, Karl"]
[Black "Marcus, Frank"]
[Result "1-0"]
[WhiteElo "1123"]
[BlackElo "1300"]
[PlyCount "45"]
[EventDate "2000.07.25"]
[EventType "tourn (corr)"]
[EventRounds "8"]
[SourceTitle "Corr 2008"]
[Source "ChessBase"]
[SourceDate "2008.06.24"]
[SourceVersion "1"]
[SourceVersionDate "2008.06.24"]
[SourceQuality "1"]

1. e4 e5 2. Nf3 Nc6 3. Bc4 Nf6 4. Ng5 Bc5 5. Bxf7+ Kf8 6. Bb3 Bxf2+ 7. Kxf2 Qe7 8. d3 h6 9. Nf3 d6 10. Rf1 Bg4 11. Be3 a5 12. Nc3 Rb8 13. Kg1 b5 14. Nd5 Nxd5 15. Bxd5 Nb4 16. Nh4+ Ke8 17. Qxg4 Nxd5 18. exd5 Qd7 19. Qe6+ Qxe6 20. dxe6 Rg8 21. Ng6 Rb6 22. Bxb6 cxb6 23. e7 1-0

[Event "IECG Q3.2000.0.00076"]
[Site "IECG email"]
[Date "2000.06.10"]
[Round "?"]
[White "Schott, Thomas E"]
[Black "Marcus, Frank"]
[Result "1-0"]
[WhiteElo "1268"]
[BlackElo "1300"]
[PlyCount "69"]
[EventDate "2000.06.10"]
[EventType "tourn (corr)"]
[EventRounds "6"]
[SourceTitle "Corr 2008"]
[Source "ChessBase"]
[SourceDate "2008.06.24"]
[SourceVersion "1"]
[SourceVersionDate "2008.06.24"]
[SourceQuality "1"]

1. d4 Nf6 2. c4 e6 3. Nf3 d5 4. g3 Bb4+ 5. Bd2 Bd6 6. Bg2 c5 7. cxd5 exd5 8. Nc3 h6 9. Nb5 a6 10. Nxd6+ Qxd6 11. dxc5 Qc6 12. 0-0 Nbd7 13. b4 0-0 14. Nd4 Qc7 15. Bf4 Ne5 16. Qb3 Qe7 17. Bxd5 Ng6 18. Bd6 Qd7 19. Bxf8 Nxf8 20. e4 Nxd5 21. exd5 Qg4 22. Rad1 Ng6 23. Qf3 a5 24. Rfe1 Qxf3 25. Nxf3 Bg4 26. Kg2 axb4 27. Rd4 Bd7 28. Rxb4 Ra7 29. Re2 f5 30. Nd4 f4 31. c6 bxc6 32. dxc6 Bg4 33. f3 fxg3 34. Rb8+ Kf7 35. Rb7+ 1-0